Movies Quiz

Random Movies or Star Wars Quiz

Casting Call: Star Wars Original Trilogy Quiz Stats

 Plays Quiz Updated Jul 31, 2017

Support Sporcle.
Go Orange.
Score 0/20 Timer 05:00
2 Plays Today
% Correct
Mark Hamill
96.9%
James Earl Jones & David Prowse
87.6%
Harrison Ford
84.2%
Carrie Fisher
82.1%
Alec Guinness
76.2%
Billy Dee Williams
67.6%
Frank Oz
56.4%
Anthony Daniels
49.5%
Peter Cushing
42.5%
Warwick Davis
41.9%
% Correct
Kenny Baker
37.7%
Peter Mayhew
36%
John Ratzenberger
28.5%
Ian McDiarmid
21.3%
Denis Lawson
13.4%
Sebastian Shaw
11%
Jeremy Bulloch
10.5%
Julian Glover
9%
Tim Rose & Erik Bauersfeld
5.2%
Caroline Blakiston
4.9%

You're not logged in!

Compare scores with friends on all Sporcle quizzes.
OR
Log In
Forgot?

From the Vault

Pick My Relative!

by giveupyet

This probably won't be the first time you ask 'How am I related to these people!?'
Remove Ads.
Support Sporcle.
Get the best of Sporcle when you Go Orange. This ad-free experience offers more features, more stats, and more fun while also helping to support Sporcle. Thank you for becoming a member.

Show Comments

Extras

Top Quizzes Today


Score Distribution

Your Account Isn't Verified!

In order to create a playlist on Sporcle, you need to verify the email address you used during registration. Go to your Sporcle Settings to finish the process.

Report this User

Report this user for behavior that violates our Community Guidelines.

Details: